Did you see that rabbit / (Record no. 42044)
[ view plain ]
| 000 -LEADER | |
|---|---|
| fixed length control field | 00644nam a2200253Ia 4500 |
| 005 - DATE AND TIME OF LATEST TRANSACTION | |
| control field | 20140319125204.0 |
| 008 - FIXED-LENGTH DATA ELEMENTS--GENERAL INFORMATION | |
| fixed length control field | 140130s9999 xx 000 0 und d |
| 020 ## - INTERNATIONAL STANDARD BOOK NUMBER | |
| International Standard Book Number | 9780439120227 |
| 050 ## - LIBRARY OF CONGRESS CALL NUMBER | |
| Classification number | PZ 7 |
| Item number | .Sch378 1998 |
| 100 ## - MAIN ENTRY--PERSONAL NAME | |
| Personal name | Schreiber, Anne. |
| 9 (RLIN) | 28713 |
| 245 ## - TITLE STATEMENT | |
| Statement of responsibility, etc | Anne Schreiber. |
| Title | Did you see that rabbit / |
| 260 ## - PUBLICATION, DISTRIBUTION, ETC. (IMPRINT) | |
| Name of publisher, distributor, etc | Scholastic iNC., |
| Date of publication, distribution, etc | 1998. |
| Place of publication, distribution, etc | USA : |
| 300 ## - PHYSICAL DESCRIPTION | |
| Extent | 16 p. : |
| Other physical details | col. ill. ; |
| Dimensions | 20 cm. |
| 440 ## - SERIES STATEMENT/ADDED ENTRY--TITLE | |
| Volume number/sequential designation | 1 |
| 9 (RLIN) | 31174 |
| 521 ## - TARGET AUDIENCE NOTE | |
| Target audience note | |
| 526 ## - STUDY PROGRAM INFORMATION NOTE | |
| Reading level | 440 |
| 650 ## - SUBJECT ADDED ENTRY--TOPICAL TERM | |
| Topical term or geographic name as entry element | Rabbit |
| General subdivision | Juvenile Fiction |
| 9 (RLIN) | 31199 |
| 942 ## - ADDED ENTRY ELEMENTS (KOHA) | |
| Koha item type | Books |
| Source of classification or shelving scheme | Library of Congress Classification |
| Withdrawn status | Lost status | Source of classification or shelving scheme | Damaged status | Home library | Current library | Shelving location | Date acquired | Total Checkouts | Full call number | Barcode | Date last seen | Copy number | Price effective from | Koha item type |
|---|---|---|---|---|---|---|---|---|---|---|---|---|---|---|
| Library of Congress Classification | Munich Library | Munich Library | Scholastic Reading Center Section | 01/30/2014 | PZ 7 .Sch378 1998 | MS2203 | 01/30/2014 | 1 | 03/11/2014 | Books | ||||
| Library of Congress Classification | Munich Library | Munich Library | Scholastic Reading Center Section | 03/07/2014 | PZ 7 .Sch378 1998 | MS2201 | 03/07/2014 | 2 | 03/07/2014 | Books | ||||
| Library of Congress Classification | Munich Library | Munich Library | Scholastic Reading Center Section | 03/07/2014 | PZ 7 .Sch378 1998 | MS2198 | 03/07/2014 | 3 | 03/07/2014 | Books | ||||
| Library of Congress Classification | Munich Library | Munich Library | Scholastic Reading Center Section | 03/07/2014 | PZ 7 .Sch378 1998 | MS2199 | 03/07/2014 | 4 | 03/07/2014 | Books | ||||
| Library of Congress Classification | Munich Library | Munich Library | Scholastic Reading Center Section | 03/19/2014 | PZ 7 .Sch378 1998 | MS2200 | 03/19/2014 | 1 | 03/19/2014 | Books |